Statistics for Capitals in Oceania - One Minute Sprint

Click here to take the quiz!

General Stats

  • This quiz has been taken 781 times
  • The average score is 11 of 14

Answer Stats

Capital% Correct
Canberra
98%
Wellington
97%
Suva
85%
Port Moresby
84%
Apia
80%
Nuku'alofa
77%
Funafuti
76%
Honiara
74%
Yaren
74%
Ngerulmud
73%
Port Vila
71%
South Tarawa
70%
Majuro
67%
Palikir
65%

Score Distribution

Percentile by Number Answered

Percent of People with Each Score

Your Score History

You have not taken this quiz